000
00194 a2200097 4500
001
1465
100
_a
Cweson, G.B
245
_a
Production hand book
260
_a
_b
Ronald
_c
090
_c
1008
_d
1008
942
_a
NUST-CAE
_c
M
_c
92
999
_c
236538
_d
236538